Malayalathinte madhura mozhikal (Malayalam) (Record no. 75189)

MARC details
000 -LEADER
fixed length control field 00296nam a22001217a 4500
020 ## - INTERNATIONAL STANDARD BOOK NUMBER
ISBN 93-94472-66-2
082 ## - DEWEY DECIMAL CLASSIFICATION NUMBER
Classification number 82-83=573.14
Item number MAN
100 ## - MAIN ENTRY--AUTHOR NAME
Personal name MANAVENDRA NADHAN
245 ## - TITLE STATEMENT
Title Malayalathinte madhura mozhikal (Malayalam)
260 ## - PUBLICATION, DISTRIBUTION, ETC. (IMPRINT)
Place of publication Kannur
Name of publisher Kairali Books
Year of publication 2023
300 ## - PHYSICAL DESCRIPTION
Number of Pages 112
942 ## - ADDED ENTRY ELEMENTS (KOHA)
Koha item type Books
Holdings
Withdrawn status Lost status Damaged status Not for loan Home library Current library Date acquired Source of acquisition Accession Number Koha item type
        RRII Library RRII Library 25/03/2024 Complementary copy from author G01725 Books